00521nam a2200193 a 4500001001300000003000900013005001700022008004100039020001000080082001700090100002100107245005900128260003900187300000900226500003500235505001000270650002400280650002300304nice12345678IN_TiNIC20260116013232.0050524s1997 dela grp 000 0 eng  ac29500a200.954bBAB aBabb, Lawrence A aMedia and the Transformation of Religion in South Asia aDelhi bMotilal Banarsidass c1997 a298p aincludes index and biblioraphy2 aIndex aReligion-Asia-south aMedia and Religion